Commercially important medical plants / (Record no. 39993)

MARC details
000 -LEADER
fixed length control field 00677nam a22002057a 4500
005 - DATE AND TIME OF LATEST TRANSACTION
control field 20100807113814.0
010 ## - LCCN (DPL NO)
LC control number ENG-98546
020 ## - INTERNATIONAL STANDARD BOOK NUMBER
International Standard Book Number 9788190825160
Terms of availability 90.00
035 ## - SYSTEM CONTROL NUMBER
System control number EN-82079
037 ## - SOURCE OF ACQUISITION
Source of stock number/acquisition DBAD/PUB
082 ## - DEWEY DECIMAL CLASSIFICATION NUMBER
Classification number 615.32
100 ## - MAIN ENTRY--PERSONAL NAME
Personal name Anitha, R
245 ## - TITLE STATEMENT
Title Commercially important medical plants /
Statement of responsibility, etc by R. Anitha
260 ## - PUBLICATION, DISTRIBUTION, ETC. (IMPRINT)
Place of publication, distribution, etc Punnaikadu
Name of publisher, distributor, etc Nataraja Publication
Date of publication, distribution, etc 2009
270 ## - ADDRESS
City Punnaikadu
300 ## - PHYSICAL DESCRIPTION
Extent 101p.
Dimensions 20cm (pbk)
650 ## - SUBJECT ADDED ENTRY--TOPICAL TERM
Topical term or geographic name as entry element Medicinal Plant
942 ## - ADDED ENTRY ELEMENTS (KOHA)
Source of classification or shelving scheme Dewey Decimal Classification
Item type English Books
Classification part 615.32
Call number suffix ANI
Holdings
Withdrawn status Lost status Not for loan Collection code Home library Current library Date acquired Source of acquisition Cost, normal purchase price Full call number Barcode Copy number Cost, replacement price Koha item type
    Not For Loan Non-fiction D.B.Act.Division D.B.Act.Division 07/08/2010 DBAD/PUB 90.00 615.32 ANI EN-82079 1 90.00 English Books

© Delhi Public Library
Hit Counter
free hit counter